000 00274nam a22001337a 4500
008 210309b ||||| |||| 00| 0 eng d
041 _aeng
080 _a32
082 _a32
100 _a21
101 _aSHP
245 _aOf civil Government
_cLocke,J
942 _2udc
_cBK
999 _c56034
_d56034